00377pab a2200133 454500008004000000100002100040245008400061260000900145300001500154362000800169650001300177700002200190773003100212180718b2007 xxu||||| |||| 00| 0 eng d aQuigley, John M. aThe urban impacts of the endangered species act: a general equilibrium analysis c2007 ap.299-318. aMar aLand use aSwoboda, Aaron M. aJournal of Urban Economics